[Event "Samara op rapid"]
[Site "Samara"]
[Date "2012.12.08"]
[Round "1"]
[White "Antipov, Stanislav"]
[Black "Blatov, Igor"]
[Result "0-1"]
[WhiteElo "1757"]
[BlackElo "2285"]
[PlyCount "55"]
[EventDate "2012.12.08"]
[EventType "swiss (rapid)"]
[EventRounds "9"]
[EventCountry "RUS"]
[SourceTitle "EXT 2015"]
[Source "ChessBase"]
[SourceDate "2014.11.20"]
[SourceVersion "1"]
[SourceVersionDate "2014.11.20"]
[SourceQuality "1"]

1. e4 c5 2. Nf3 e6 3. d4 cxd4 4. Nxd4 a6 5. Nc3 Qc7 6. Bd3 Nf6 7. Be3 Nc6 8. 0-0 Ne5 9. Bf4 d6 10. Be2 b5 11. a3 Bb7 12. f3 Be7 13. Kh1 0-0 14. Qe1 Rac8 15. Bg5 Nc4 16. Bxc4 Qxc4 17. Rd1 Kh8 18. Qh4 b4 19. axb4 Qxb4 20. Nb3 a5 21. Rd4 Rc4 22. Rxc4 Qxc4 23. Rd1 Ra8 24. Qh5 Nxh5 25. Bxe7 d5 26. exd5 Bxd5 27. Ba3 h6 28. Nb1 0-1

[Event "Samara op rapid"]
[Site "Samara"]
[Date "2012.12.08"]
[Round "3"]
[White "Lukyanov, Artiom"]
[Black "Blatov, Igor"]
[Result "0-1"]
[WhiteElo "2159"]
[BlackElo "2285"]
[PlyCount "100"]
[EventDate "2012.12.08"]
[EventType "swiss (rapid)"]
[EventRounds "9"]
[EventCountry "RUS"]
[SourceTitle "EXT 2015"]
[Source "ChessBase"]
[SourceDate "2014.11.20"]
[SourceVersion "1"]
[SourceVersionDate "2014.11.20"]
[SourceQuality "1"]

1. e4 c5 2. Nf3 e6 3. c3 d5 4. exd5 exd5 5. d4 c4 6. Bf4 Nc6 7. Be2 Bf5 8. 0-0 Bd6 9. Qd2 Nf6 10. Bxd6 Qxd6 11. Qg5 Bg6 12. Nbd2 0-0 13. Nh4 h6 14. Qg3 Qxg3 15. hxg3 Bh7 16. Rfe1 b5 17. Nhf3 Rfe8 18. a3 a5 19. Bf1 Nd7 20. g4 f6 21. Nh4 Kf7 22. Nf5 Bxf5 23. gxf5 Rxe1 24. Rxe1 Re8 25. Be2 Kf8 26. Kf1 Nb6 27. Rb1 Ke7 28. Bh5 Rf8 29. Re1+ Kd7 30. Nf3 Na4 31. Re2 b4 32. axb4 axb4 33. cxb4 Nxb4 34. Ne1 Nc6 35. Rd2 Rb8 36. Bf3 Kd6 37. Ke2 Rxb2 38. Rxb2 Nxb2 39. Nc2 Nd3 40. g4 Ndb4 41. Nxb4 Nxb4 42. Kd2 Nd3 43. Ke3 Ne1 44. Be2 Nc2+ 45. Kd2 Nxd4 46. Bd1 Kc5 47. f4 Nc6 48. Bf3 d4 49. Be4 Nb4 50. g5 Nd5 0-1

[Event "Samara op rapid"]
[Site "Samara"]
[Date "2012.12.08"]
[Round "5"]
[White "Yakovich, Yuliya"]
[Black "Blatov, Igor"]
[Result "0-1"]
[WhiteElo "2119"]
[BlackElo "2285"]
[PlyCount "50"]
[EventDate "2012.12.08"]
[EventType "swiss (rapid)"]
[EventRounds "9"]
[EventCountry "RUS"]
[SourceTitle "EXT 2015"]
[Source "ChessBase"]
[SourceDate "2014.11.20"]
[SourceVersion "1"]
[SourceVersionDate "2014.11.20"]
[SourceQuality "1"]

1. e4 d5 2. exd5 Qxd5 3. Nc3 Qa5 4. d4 Nf6 5. Nf3 c6 6. Bc4 Bf5 7. 0-0 Nbd7 8. Re1 e6 9. Ne5 Nxe5 10. Rxe5 Qc7 11. h3 0-0-0 12. Bg5 h6 13. Bxf6 gxf6 14. Re3 Rg8 15. Ne4 Qf4 16. Qe1 Rxd4 17. Bd3 Be7 18. Rd1 Rgd8 19. Qe2 Bxe4 20. g3 Bxd3 21. Rexd3 Qe4 22. Qh5 Rxd3 23. cxd3 Rxd3 24. Rxd3 Qxd3 25. Qxf7 Kd7 0-1

[Event "Samara Polugaevsky Memorial 1st"]
[Site "Samara"]
[Date "2011.07.08"]
[Round "4"]
[White "Rakhmanov, Alexander"]
[Black "Blatov, Igor"]
[Result "1-0"]
[WhiteElo "2585"]
[BlackElo "2343"]
[PlyCount "59"]
[EventDate "2011.07.05"]
[EventType "swiss"]
[EventRounds "9"]
[EventCountry "RUS"]
[SourceTitle "CBM 143 Extra"]
[Source "ChessBase"]
[SourceDate "2011.08.29"]
[SourceVersion "1"]
[SourceVersionDate "2011.08.29"]
[SourceQuality "1"]

1. d4 Nf6 2. c4 e6 3. Nc3 Bb4 4. e3 c5 5. Bd3 Nc6 6. Nge2 cxd4 7. exd4 d5 8. a3 Be7 9. 0-0 dxc4 10. Bxc4 0-0 11. Qd3 b6 12. Rd1 Bb7 13. Qh3 Qc8 14. Ba2 e5 15. Qxc8 Rfxc8 16. d5 Nb8 17. d6 Bf8 18. Bg5 Nbd7 19. Rd2 Ba6 20. Rad1 Bc4 21. Bxf6 Bxa2 22. Nxa2 Nxf6 23. Nb4 Nd7 24. Nd5 Rc4 25. b3 Rc5 26. Ng3 Re8 27. Ne7+ Bxe7 28. dxe7 Nf6 29. Rd8 Rc7 30. Nf5 1-0

[Event "Samara op"]
[Site "Samara"]
[Date "2010.07.26"]
[Round "4"]
[White "Blatov, Igor"]
[Black "Purygin, Andrei"]
[Result "1-0"]
[WhiteElo "2355"]
[BlackElo "2285"]
[PlyCount "97"]
[EventDate "2010.07.23"]
[EventType "swiss"]
[EventRounds "9"]
[EventCountry "RUS"]
[SourceTitle "EXT 2011"]
[Source "ChessBase"]
[SourceDate "2010.11.26"]
[SourceVersion "1"]
[SourceVersionDate "2010.11.26"]
[SourceQuality "1"]

1. e4 c5 2. Nf3 d6 3. d4 cxd4 4. Nxd4 Nf6 5. Nc3 a6 6. Be3 e6 7. Qd2 Nbd7 8. f3 h5 9. Bc4 Ne5 10. Bb3 b5 11. Bg5 Be7 12. f4 b4 13. Na4 Neg4 14. Nc6 Qc7 15. Nxe7 Nxe4 16. Qd4 Nxg5 17. Nxc8 Rxc8 18. fxg5 d5 19. 0-0-0 0-0 20. h3 Ne5 21. Qxb4 Ng6 22. Qd2 h4 23. Rhf1 Rfd8 24. Nc3 a5 25. Kb1 Rb8 26. a4 Rb4 27. Nb5 Qb7 28. Rde1 e5 29. Ka2 Rb8 30. c3 Rxb3 31. Kxb3 Qc6 32. Ka2 Rb7 33. b3 Rd7 34. Rf2 Re7 35. Rfe2 Kh8 36. Nd4 Qb7 37. Nf5 Re6 38. Ne3 Rd6 39. Rf2 Qd7 40. Ref1 Qe6 41. Rxf7 Rd8 42. R7f2 Qc6 43. c4 d4 44. Nd5 Rxd5 45. cxd5 Qxd5 46. Rd1 Nf4 47. Rxf4 exf4 48. g6 Qg5 49. Qc2 1-0

[Event "Samara op"]
[Site "Samara"]
[Date "2010.07.23"]
[Round "1"]
[White "Demin, Dmitry"]
[Black "Blatov, Igor"]
[Result "0-1"]
[WhiteElo "1853"]
[BlackElo "2355"]
[PlyCount "64"]
[EventDate "2010.07.23"]
[EventType "swiss"]
[EventRounds "9"]
[EventCountry "RUS"]
[SourceTitle "EXT 2011"]
[Source "ChessBase"]
[SourceDate "2010.11.26"]
[SourceVersion "1"]
[SourceVersionDate "2010.11.26"]
[SourceQuality "1"]

1. c4 Nf6 2. Nc3 e6 3. e4 c5 4. g3 d5 5. d3 Nc6 6. Bg2 dxc4 7. dxc4 Qxd1+ 8. Kxd1 Ng4 9. Nh3 Nd4 10. Nb5 Nxb5 11. cxb5 Be7 12. f3 Nf6 13. Ke2 Bd7 14. a4 a6 15. bxa6 Rxa6 16. b3 b5 17. Be3 bxa4 18. bxa4 Bxa4 19. Kf2 0-0 20. Bf1 Raa8 21. Be2 Bb3 22. Rxa8 Rxa8 23. Rc1 Nd7 24. Rc3 Rb8 25. f4 Rb4 26. Kf3 f5 27. e5 Bd5+ 28. Kf2 c4 29. Rc2 Nc5 30. Bxc5 Bxc5+ 31. Ke1 Rb1+ 32. Bd1 Bf3 0-1

[Event "Samara Mayak Rating"]
[Site "Samara"]
[Date "2008.03.23"]
[Round "1"]
[White "Strokov, Anatoli"]
[Black "Blatov, Igor"]
[Result "0-1"]
[WhiteElo "2204"]
[BlackElo "2328"]
[PlyCount "81"]
[EventDate "2008.03.23"]
[EventType "tourn"]
[EventRounds "9"]
[EventCountry "RUS"]
[SourceTitle "EXT 2022"]
[Source "ChessBase"]
[SourceDate "2021.10.06"]
[SourceVersion "1"]
[SourceVersionDate "2021.10.06"]
[SourceQuality "1"]

1. e4 c5 2. Nf3 e6 3. d4 cxd4 4. Nxd4 a6 5. Bd3 g6 6. 0-0 Bg7 7. Be3 Nf6 8. c4 d6 9. Nc3 0-0 10. Rc1 Nbd7 11. b3 Re8 12. Re1 b6 13. f3 Bb7 14. Bf2 Qc7 15. Qd2 Rac8 16. Bf1 Qb8 17. Red1 Bf8 18. Nde2 Ba8 19. Nf4 Bc6 20. Nd3 Nc5 21. Nb4 Bb7 22. Bd4 Nfd7 23. Nd3 Nxd3 24. Bxd3 Bc6 25. Qg5 Bg7 26. Bxg7 Kxg7 27. Bf1 Nf6 28. a4 a5 29. Rd2 Red8 30. Rcd1 Rd7 31. Qf4 Rcd8 32. g4 h6 33. h4 Nh7 34. g5 hxg5 35. hxg5 e5 36. Qh4 Rh8 37. Rh2 Qd8 38. Bh3 Nxg5 39. Qg4 Qf6 40. Kf2 Rdd8 41. Qg3 0-1

[Event "RUS-Cup04"]
[Site "Samara"]
[Date "2002.08.01"]
[Round "7"]
[White "Blatov, Igor"]
[Black "Rjabzev, Konstantin"]
[Result "1-0"]
[WhiteElo "2324"]
[BlackElo "2265"]
[PlyCount "99"]
[EventDate "2002.07.26"]
[EventType "swiss"]
[EventRounds "9"]
[EventCountry "RUS"]
[SourceTitle "CBM 089 Extra"]
[Source "ChessBase"]
[SourceDate "2002.09.10"]
[SourceVersion "2"]
[SourceVersionDate "2002.09.10"]
[SourceQuality "1"]

1. e4 e5 2. Bc4 Nf6 3. d3 Bc5 4. Nf3 Nc6 5. c3 d6 6. Nbd2 a6 7. Bb3 Ba7 8. Nf1 d5 9. Qe2 dxe4 10. dxe4 Be6 11. Bxe6 fxe6 12. Bg5 0-0 13. N1d2 Qe8 14. 0-0 Qg6 15. Kh1 Rf7 16. Be3 Bxe3 17. Qxe3 Rd7 18. Qe2 Rad8 19. Rfe1 Nh5 20. g3 Nf6 21. Nc4 Qh5 22. Kg2 Qh6 23. a4 Ne8 24. b4 b5 25. axb5 axb5 26. Ncxe5 Nxe5 27. Nxe5 Rd2 28. Qxb5 Nd6 29. Qc5 Rf8 30. Nf3 Rd3 31. Ng1 Rd2 32. Nh3 Qg6 33. Qe3 Nc4 34. Qc5 Nd6 35. Qe5 Nc4 36. Qxc7 Qf6 37. Qc5 Ne5 38. Qe3 Nc4 39. Qc5 Ne5 40. Nf4 Ng4 41. Rf1 e5 42. Nh3 Qf3+ 43. Kg1 Qxe4 44. Ng5 Qf5 45. Qc4+ Kh8 46. Nf7+ Rxf7 47. Qxg4 Qf6 48. Ra8+ Rf8 49. Rxf8+ Qxf8 50. Qe4 1-0

[Event "RUS-Cup07"]
[Site "Togliatti"]
[Date "2001.08.13"]
[Round "6"]
[White "Khamidulin, Viacheslav"]
[Black "Blatov, Igor"]
[Result "1-0"]
[WhiteElo "2213"]
[BlackElo "2409"]
[PlyCount "69"]
[EventDate "2001.08.08"]
[EventType "swiss"]
[EventRounds "9"]
[EventCountry "RUS"]
[SourceTitle "CBM 083 Extra"]
[Source "ChessBase"]
[SourceDate "2001.09.11"]
[SourceVersion "1"]
[SourceVersionDate "2001.09.11"]
[SourceQuality "1"]

1. d4 Nf6 2. c4 e6 3. Nc3 Bb4 4. g3 c5 5. Nf3 b6 6. Bg2 Bb7 7. dxc5 Bxc5 8. 0-0 0-0 9. Bf4 a6 10. Bd6 Bxd6 11. Qxd6 Ne8 12. Qf4 d6 13. Rfd1 Nd7 14. Bh3 h6 15. Ne4 d5 16. cxd5 Bxd5 17. Nc3 Nef6 18. Nxd5 Nxd5 19. Qd4 Qf6 20. e4 Qxf3 21. exd5 e5 22. Qb4 f5 23. Qe7 Rf7 24. Qe6 e4 25. Rdc1 Raf8 26. Rc7 Nc5 27. Qxb6 Rxc7 28. Qxc7 Nd3 29. Qb6 Qe2 30. Bf1 Qxb2 31. Qxb2 Nxb2 32. Bxa6 Ra8 33. Bb5 Ra3 34. d6 Kf7 35. Rc1 1-0

[Event "RUS-Cup07"]
[Site "Togliatti"]
[Date "2001.08.09"]
[Round "2"]
[White "Nikitin, Andrey"]
[Black "Blatov, Igor"]
[Result "1-0"]
[WhiteElo "2535"]
[BlackElo "2409"]
[PlyCount "115"]
[EventDate "2001.08.08"]
[EventType "swiss"]
[EventRounds "9"]
[EventCountry "RUS"]
[SourceTitle "CBM 083 Extra"]
[Source "ChessBase"]
[SourceDate "2001.09.11"]
[SourceVersion "1"]
[SourceVersionDate "2001.09.11"]
[SourceQuality "1"]

1. d4 c5 2. d5 e5 3. e4 d6 4. Nf3 Bg4 5. h3 Bxf3 6. Qxf3 Be7 7. g3 Bg5 8. Bb5+ Kf8 9. Nd2 Nf6 10. a4 h5 11. h4 Bh6 12. a5 a6 13. Bd3 Nbd7 14. b3 g6 15. Bb2 Ne8 16. Nc4 Qe7 17. Bf1 Nc7 18. Bh3 Rd8 19. Qd3 Rg8 20. 0-0 Nb5 21. Kh2 Kg7 22. f4 f6 23. Be6 Rgf8 24. f5 g5 25. g4 hxg4 26. Rg1 gxh4 27. Rxg4+ Bg5 28. Rag1 Rh8 29. Bc1 Rh5 30. Nd2 Nf8 31. Nf3 Nh7 32. Rxh4 Qe8 33. Nxg5 Nxg5 34. Bxg5 fxg5 35. Qh3 Kh6 36. Rxh5+ Qxh5 37. Qxh5+ Kxh5 38. Kg3 Kh6 39. Rh1+ Kg7 40. Rh5 Rf8 41. Rxg5+ Kh7 42. Kh4 Nd4 43. Rg2 Rf6 44. Bc8 Rf7 45. Rg6 Rc7 46. Be6 Rg7 47. Bc8 Rc7 48. Rxd6 Rxc8 49. Rd7+ Kh6 50. Rxb7 Rg8 51. Rb6+ Kh7 52. Kh5 Ne2 53. Rh6+ Kg7 54. Rg6+ Kf7 55. Rxg8 Kxg8 56. Kg6 Nc3 57. d6 Kf8 58. f6 1-0